000 00536cam a22002171 4500
001 sa 65005269
003 DLC
005 20260227112136.0
008 800919s1949 ii 000 0 eng
010 _asa 65005269
025 _aPL480:P-E-628
035 _a(OCoLC)6731824
040 _aDLC
_cAzU
_dOCoLC
_dDLC
042 _apremarc
050 0 0 _aBP180
_b.A8
100 0 _aAta Ullah,
_d1896-
245 1 0 _aRevival of Zakat.
260 _aLahore,
_bRipon Print. Press
_c[1949?]
300 _axii, 110 p.
_c19 cm.
650 0 _aZakat.
999 _c64222
_d64222